<?xml version="1.0" encoding="UTF-8"?>
<record
    xmlns:xsi="http://www.w3.org/2001/XMLSchema-instance"
    xsi:schemaLocation="http://www.loc.gov/MARC21/slim http://www.loc.gov/standards/marcxml/schema/MARC21slim.xsd"
    xmlns="http://www.loc.gov/MARC21/slim">

  <leader>01258nam a2200289Ia 4500</leader>
  <datafield tag="952" ind1=" " ind2=" ">
    <subfield code="0">0</subfield>
    <subfield code="1">0</subfield>
    <subfield code="4">0</subfield>
    <subfield code="7">0</subfield>
    <subfield code="a">03</subfield>
    <subfield code="b">03</subfield>
    <subfield code="d">2014-09-30</subfield>
    <subfield code="l">3</subfield>
    <subfield code="o">Q180 P76 1990</subfield>
    <subfield code="p">03 007226</subfield>
    <subfield code="r">2015-11-25</subfield>
    <subfield code="s">2015-11-25</subfield>
    <subfield code="t">3</subfield>
    <subfield code="w">2014-09-30</subfield>
    <subfield code="y">LB</subfield>
  </datafield>
  <datafield tag="999" ind1=" " ind2=" ">
    <subfield code="c">78836</subfield>
    <subfield code="d">78836</subfield>
  </datafield>
  <controlfield tag="008">120720t19902012mx a          000 0 spa d</controlfield>
  <datafield tag="020" ind1=" " ind2=" ">
    <subfield code="a">9789682441005 </subfield>
  </datafield>
  <datafield tag="050" ind1=" " ind2=" ">
    <subfield code="a">Q180 </subfield>
    <subfield code="b">P76 1990</subfield>
  </datafield>
  <datafield tag="100" ind1=" " ind2=" ">
    <subfield code="a">M&#xE9;ndez Ram&#xED;rez, Ignacio</subfield>
    <subfield code="e">autor</subfield>
  </datafield>
  <datafield tag="245" ind1="1" ind2="3">
    <subfield code="a">El Protocolo de investigaci&#xF3;n</subfield>
    <subfield code="c"> : lineamientos para su elaboraci&#xF3;n y an&#xE1;lisis</subfield>
    <subfield code="b"> / Ignacio M&#xE9;ndez Ram&#xED;rez [et al.]</subfield>
  </datafield>
  <datafield tag="250" ind1=" " ind2=" ">
    <subfield code="a">2a. edici&#xF3;n</subfield>
  </datafield>
  <datafield tag="260" ind1=" " ind2=" ">
    <subfield code="a">M&#xE9;xico</subfield>
    <subfield code="b"> : Trillas</subfield>
    <subfield code="c">, 1990</subfield>
  </datafield>
  <datafield tag="300" ind1=" " ind2=" ">
    <subfield code="a">210 p&#xE1;ginas</subfield>
    <subfield code="b"> : ilustraciones</subfield>
  </datafield>
  <datafield tag="336" ind1=" " ind2=" ">
    <subfield code="a">texto</subfield>
  </datafield>
  <datafield tag="337" ind1=" " ind2=" ">
    <subfield code="a">sin medio</subfield>
  </datafield>
  <datafield tag="338" ind1=" " ind2=" ">
    <subfield code="a">volumen</subfield>
  </datafield>
  <datafield tag="500" ind1=" " ind2=" ">
    <subfield code="a">reimpresi&#xF3;n 2012</subfield>
  </datafield>
  <datafield tag="504" ind1=" " ind2=" ">
    <subfield code="a">Incluye: bibliograf&#xED;a (pp.203-204)</subfield>
  </datafield>
  <datafield tag="505" ind1=" " ind2=" ">
    <subfield code="a">Diferentes tipos de estudios
Definici&#xF3;n del problema
Instructivo esp&#xE9;c&#xED;fico para la elaboraci&#xF3;n de cada protocolo
Instructivo general para la elaboraci&#xF3;n de la &#xFA;ltima parte de un protocolo
Formatos espec&#xED;ficos para cada uno de los productos
 </subfield>
  </datafield>
  <datafield tag="519" ind1=" " ind2=" ">
    <subfield code="a">Educaci&#xF3;n Mixta /</subfield>
    <subfield code="b">Psicolog&#xED;a / </subfield>
    <subfield code="c">Metodolog&#xED;a de la Investigaci&#xF3;n (M01-1) /</subfield>
    <subfield code="d">(03 007226)</subfield>
  </datafield>
  <datafield tag="650" ind1="1" ind2="0">
    <subfield code="a">INVESTIGACI&#xD3;N</subfield>
    <subfield code="x">METODOLOG&#xCD;A</subfield>
  </datafield>
  <datafield tag="650" ind1="2" ind2="0">
    <subfield code="a">CIENCIA </subfield>
    <subfield code="x">METODOLOG&#xCD;A</subfield>
  </datafield>
  <datafield tag="700" ind1=" " ind2=" ">
    <subfield code="a">Namira Guerrero, Delia</subfield>
    <subfield code="e">autor</subfield>
  </datafield>
  <datafield tag="700" ind1=" " ind2=" ">
    <subfield code="a">Moreno Altamirano, Laura</subfield>
    <subfield code="e">autora</subfield>
  </datafield>
  <datafield tag="700" ind1=" " ind2=" ">
    <subfield code="a">Sosa de  Martinez, Cristina</subfield>
    <subfield code="e">autora</subfield>
  </datafield>
  <datafield tag="942" ind1=" " ind2=" ">
    <subfield code="c">LB</subfield>
  </datafield>
</record>
